Integrácia Chorvátska do Európskej únie diplomová práca

Na minha lista:
Detalhes bibliográficos
Autor principal: Takács, Peter
Autor Corporativo: Obchodná fakulta EU. Katedra medzinárodného obchodu
Outros Autores: Silná, Zuzana
Formato: Livro
Idioma:eslovaco
Publicado em: Bratislava 2010
Tags: Adicionar Tag
Sem tags, seja o primeiro a adicionar uma tag!

MARC

LEADER 00000nam a2200000 4500
001 0120240
005 20240318122323.3
041 0 |a slo 
044 |a SK 
245 1 0 |a Integrácia Chorvátska do Európskej únie  |b diplomová práca  |c Peter Takács ; škol. Zuzana Silná 
264 1 |a Bratislava  |c 2010 
300 |a 66 s. 
100 1 |a Takács, Peter 
700 1 |a Silná, Zuzana 
710 2 |a Obchodná fakulta EU. Katedra medzinárodného obchodu